Drapeaux et slogans - Mort subite - Statistiques

Statistiques générales
  • Ce quiz a été pris 360 fois
  • Le résultat moyen est 2 sur 15
Answers on the Grid
Answers color-coded by a green-red scale on the quiz's grid according to % correct below.
Plvs Vltra
Allahu Akbar
Libertas
La Shahada (profession de foi en islam)
Unidad, Paz, Justicia
Virtvs Vnitas Fortior
Ordem e Progresso
Sub Umbra Floreo
Dios, Unión, Libertad
Dios, Patria, Libertad
Y la verdad los hará libres
Libertad 15 de septiembre de 1821
L'union fait la force
For Gallentry
Ad-dāʾimūna al-muḥsinūna bi-l-hudā
ʾIn tanṣurūw Allāha yanṣurukum
Pravda Víteží
Een Draught Maekt Maght
Union, travail, justice
Dieu ma patrie et mon épée
Dieu et mon droit
Je maintiendrai
Liberté et patrie
Kyaa kimwe kiyuaa ndaa (Un seul doigt ne peut pas tuer un pou)
Via veritas vita
Post tenebras lux
15 de Novembro de 1889
Dios, Familia, Patria
Un pour tous, tous pour un
Liberdade
 
Statistiques - réponses
Réponse % Correct
Ordem e Progresso
36%
Allahu Akbar
34%
L'union fait la force
27%
La Shahada (profession de foi en islam)
23%
Unidad, Paz, Justicia
16%
Libertas
14%
Dios, Patria, Libertad
11%
Dios, Unión, Libertad
11%
Plvs Vltra
11%
Libertad 15 de septiembre de 1821
8%
Ad-dāʾimūna al-muḥsinūna bi-l-hudā
7%
Virtvs Vnitas Fortior
7%
Y la verdad los hará libres
5%
For Gallentry
4%
Sub Umbra Floreo
4%
Aucun quiz correspondant
Distribution des résultats
% des personnes avec chaque résultat
Percentile par nombre de réponses
Votre historique - résultats
Vous n’avez pas pris ce quiz